The archaeological bulletin. (Record no. 66111)

MARC details
000 -LEADER
fixed length control field 00753cam a22002411 4500
001 - CONTROL NUMBER
control field sa 65009274
003 - CONTROL NUMBER IDENTIFIER
control field DLC
005 - DATE AND TIME OF LATEST TRANSACTION
control field 20260227112200.0
008 - FIXED-LENGTH DATA ELEMENTS--GENERAL INFORMATION
fixed length control field 810312m19639999ii 000 0 eng
010 ## - LIBRARY OF CONGRESS CONTROL NUMBER
LC control number sa 65009274
035 ## - SYSTEM CONTROL NUMBER
System control number (OCoLC)29103405
040 ## - CATALOGING SOURCE
Original cataloging agency DLC
Transcribing agency MnU
Modifying agency OCoLC
-- DLC
042 ## - AUTHENTICATION CODE
Authentication code premarc
043 ## - GEOGRAPHIC AREA CODE
Geographic area code a-ii---
050 00 - LIBRARY OF CONGRESS CALL NUMBER
Classification number DS485.A55
Item number A3 subser.
110 1# - MAIN ENTRY--CORPORATE NAME
Corporate name or jurisdiction name as entry element Andhra Pradesh (India).
Subordinate unit Department of Archaeology.
245 14 - TITLE STATEMENT
Title The archaeological bulletin.
260 ## - PUBLICATION, DISTRIBUTION, ETC.
Place of publication, distribution, etc. Hyderabad,
Name of publisher, distributor, etc. Govt. of Andhra Pradesh,
Date of publication, distribution, etc. 1963-
300 ## - PHYSICAL DESCRIPTION
Extent v.
Other physical details illus.
Dimensions 32 cm.
490 1# - SERIES STATEMENT
Series statement Andhra Pradesh, India. Dept. of Archaeology. Archaeological series.
651 #0 - SUBJECT ADDED ENTRY--GEOGRAPHIC NAME
Geographic name Andhra Pradesh (India)
General subdivision Antiquities
-- Societies, etc.
830 #0 - SERIES ADDED ENTRY--UNIFORM TITLE
Uniform title Arch. series.

No items available.

Powered by Koha